000 00826nam a2200253 u 4500
005 20221117063438.0
008 081015s2006 r 000 0 eng d
020 _a9789583018404
035 _aUPN01000163635
049 _aI
050 4 _aGB1203.8
_bR6.7
100 1 _aRobson, Pam
_942872
245 1 0 _aRíos y mares /
_cPam Robson ; tr. Diana Esperanza Gómez.
260 _aBogotá :
_bPanamericana,
_c2006.
300 _a32 p. :
_bil. col.
440 0 _aJóvenes científicos
500 _a"Con proyectos fáciles de realizar y entretenidos juegos"
534 _pTítulo original:
_tRivers and seas
650 4 _aRIOS -
_vLITERATURA JUVENIL
_911378
650 4 _aEXPERIMENTOS EDUCATIVOS
_95899
650 2 _aAgua
_vLiteratura juvenil
_910249
650 4 _aOCEANO -
_vLITERATURA INFANTIL
_911223
905 _aInfantil
999 _c135748
_d135748